| 000 | 01393nam a2200205 4500 | ||
|---|---|---|---|
| 999 |
_c96973 _d96973 |
||
| 003 | NALT | ||
| 005 | 20210325220821.0 | ||
| 008 | 200608b th ||||| |||| 00| 0 tha d | ||
| 040 | _aNALT | ||
| 090 |
_aอศ _bอ791น 2527 |
||
| 245 | 1 | 0 |
_aแนวพระราชดำริเก้ารัชกาล ทรงพระกรุณาโปรดเกล้าฯ ให้พิมพ์พระราชทานในงานพระราชเพลิงศพ นายแพทย์ ม.ร.ว. อุดมพร เกษมสันต์ ท.ช., ท.ม. ณ สุสานหลวง วัดเทพศิรินทราวาส วันเสาร์ที่ 27 มิถุนายน พุทธศักราช 2527 / _cนายกำธร สถิรกุล, ผู้พิมพ์และผู้โฆษณา. |
| 260 |
_aกรุงเทพฯ : _bโรงพิมพ์คุรุสภาลาดพร้าว, _c2527. |
||
| 300 |
_a327 หน้า : _bภาพประกอบ ; _c24 ซม. |
||
| 600 | 0 | 4 |
_945208 _aอุดมพร เกษมสันต์, _cม.ร.ว. _xชีวประวัติ |
| 700 | 0 |
_945209 _aกำธร สถิรกุล |
|
| 850 | _aNALT | ||
| 942 |
_cCRE _2local |
||
| 998 |
_abijaya _cDAO |
||